Tilastot visalle Neljä valtiota, joilla on samankaltaiset liput #1

Klikkaa tästä pelataksesi tätä visaa!

Yleistilastot

  • Tätä visaa on pelattu 701 kertaa
  • Keskiarvotulos 12 / 16

Vastaustilastot

Vastaus% Oikein
Norja
100%
Suomi
100%
Islanti
99%
Tanska
99%
Argentiina
87%
Romania
86%
Andorra
74%
Moldova
73%
Honduras
66%
Tansania
65%
Kongon dem. tasavalta
61%
El Salvador
59%
Nicaragua
59%
Tšad
58%
Namibia
53%
Saint Kitts ja Nevis
48%

Tulosjakauma

Persentiili vastausten määrän mukaan

Jokaisen tuloksen saaneiden osuus

Tuloshistoriasi

Et ole pelannut tätä visaa